000 00607nam a2200181Ia 4500
003 GCL
008 140319s9999 xx 000 0 ara d
040 _aGCL /
_cGCL
082 0 4 _a001.501
_bب ا
100 1 _aابراهيم سلامة ابراهيم
245 1 0 _aالاعلام التطبيقى واستخداماتة فى تطوير الارادة /
_cابراهيم سلامة ابراهيم
700 1 _aبرجية، فرانسيس ج
300 _a210 ص
490 _aالالف كتاب الثانى
_v0
650 0 4 _aالاعلام
650 0 4 _aفلسفة ونظريات
942 _2ddc
_cBK
999 _c44295
_d44295